00558nam a2200193 a 4500001001300000003000900013005001700022008004100039020002300080082001600103100002300119245006700142260004400209300000900253500003500262505002400297650002000321700002300341nice12345678IN_TiNIC20260116014609.0050524s2001 lona grp 000 0 eng  a019799X c69000a297.82bWAL aWalbridge, Linda S aMost Learned of the Shiab the Institution of the Marja Taqlid aLondan bOxford University Press c2001 a264p aincludes index and biblioraphy2 aBibliography, Index aShiah-Doctrines1 aWalbridge, Linda S